| 000 | 00436nam a22001697a 4500 | ||
|---|---|---|---|
| 003 | SGT | ||
| 020 | _a9788190635592 | ||
| 082 |
_a616.024 _bB21K |
||
| 100 | _aKUNDU, ARUP KUMAR | ||
| 245 | _aBEDSIDE CLINICS IN MEDICINE PART-1 | ||
| 250 | _a8TH | ||
| 260 |
_aINDIA _bKSP UDYOG _c2021 |
||
| 300 | _a580 | ||
| 650 | _aGENERAL MEDICINE | ||
| 653 | _aCARDIOVASCULAR SESTEM, RESPIRATIRY SYSTEM , NERVOUS SESTEM | ||
| 942 |
_2ddc _cBK _039 |
||
| 999 |
_c23746 _d23746 |
||